Proceedings of the conference on ships ocean technology (Record no. 1515)

000 -LEADER
fixed length control field 00330nam a22001217a 4500
008 - FIXED-LENGTH DATA ELEMENTS--GENERAL INFORMATION
fixed length control field 200124b ||||| |||| 00| 0 eng d
110 ## - MAIN ENTRY--CORPORATE NAME
9 (RLIN) 1147
Corporate name or jurisdiction name as entry element IIT Kharagpur
245 10 - TITLE STATEMENT
Title Proceedings of the conference on ships ocean technology
260 ## - PUBLICATION, DISTRIBUTION, ETC. (IMPRINT)
Place of publication, distribution, etc New Delhi
Name of publisher, distributor, etc Allied Publication Ltd.
Date of publication, distribution, etc x
300 ## - PHYSICAL DESCRIPTION
Extent x
650 #0 - SUBJECT ADDED ENTRY--TOPICAL TERM
Topical term or geographic name as entry element Shipping
942 ## - ADDED ENTRY ELEMENTS (KOHA)
Item type Books
Holdings
Withdrawn status Lost status Source of classification or shelving scheme Damaged status Not for loan Permanent location Current location Date acquired Source of acquisition Full call number Barcode Date last seen Cost, replacement price Koha item type
          IMU Kolkata IMU Kolkata 1998-02-12 Aryan Publishing Co. 627.98 I257 08862 2020-01-24 600.00 Books
Designed and Maintained by IMU-KC Library, Kolkata Campus © Copyright All Rights Reserved

webs counters

Powered by Koha